Cheshire, North & Fowcett Private International law

The new edition of this well-established and highly regarded work has been fully updated to encompass the major changes and developments in the law, including the newly finalised Rome II Regulation. The book is invaluable for the practitioner as well as being one of the leading students' textbo...

全面介绍

Saved in:
书目详细资料
主要作者: Fowcett, James J.
其他作者: Carruthers, Jareen M.
格式: 图书
出版: Oxford ; Oxford Univrsity Press
版:14th ed.
主题:
标签: 添加标签
没有标签, 成为第一个标记此记录!

MARC

LEADER 00000nam a22000007a 4500
005 20260416142339.0
020 |a 9780199284382  |c TZS 45,435/= 
040 |a MCCL  |b eng. 
082 |a 341.9 CHE 
100 |a Fowcett, James J. 
245 |a Cheshire, North & Fowcett Private International law 
250 |a 14th ed. 
260 |a Oxford ;  |b Oxford Univrsity Press 
300 |a cxliii, 1390 p. :  |b ill. ;  |c 24 cm. 
504 |a Includes Index 
520 |a The new edition of this well-established and highly regarded work has been fully updated to encompass the major changes and developments in the law, including the newly finalised Rome II Regulation. The book is invaluable for the practitioner as well as being one of the leading students' textbooks in the field 
650 |a Private International law 
700 |a Carruthers, Jareen M. 
942 |c BK 
999 |c 12674  |d 12674